| 000 | 00362nam a22001217a 4500 | ||
|---|---|---|---|
| 999 |
_c2381 _d2381 |
||
| 005 | 20200914122050.0 | ||
| 008 | 200914b ||||| |||| 00| 0 eng d | ||
| 020 | _a0333433491 | ||
| 040 | _cCML | ||
| 245 |
_aMalawi: Wildlife, Parks and Reserves. _cCarter, J. |
||
| 260 |
_aLondon _bMacmillan Publishing Ltd _c1987 |
||
| 942 |
_2ddc _cBK _h916.897 _mCAR |
||